The Fortune at the Bottom of the Pyramid: Eradicating Poverty Through Profits (Record no. 35769)

MARC details
000 -LEADER
fixed length control field 00722nam a2200181Ia 4500
020 ## - INTERNATIONAL STANDARD BOOK NUMBER
ISBN 9780137009275
050 ## - CALL MARK
Classification number HD 2932 .P73/
100 ## - STATEMENT OF RESPONSIBILITY--MAIN AUTHOR NAME
Personal name Prahalad, C. K.
245 #4 - TITLE STATEMENT
Title The Fortune at the Bottom of the Pyramid: Eradicating Poverty Through Profits
260 ## - PUBLICATION, DISTRIBUTION, ETC. (IMPRINT)
Place of publication Canada
260 ## - PUBLICATION, DISTRIBUTION, ETC. (IMPRINT)
Name of publisher Wharton school publishing
260 ## - PUBLICATION, DISTRIBUTION, ETC. (IMPRINT)
Year of publication 2006
300 ## - PHYSICAL DESCRIPTION
Number of Pages 407 p
650 ## - SUBJECT ADDED ENTRY--TOPICAL TERM
Topical Term International business enterprises--Social aspects--Developing countries. Non-governmental organizations--Developing countries. Poor--Developing countries. Economic assistance--Developing countries. Globalization--Economic aspects--Developing countries.
942 ## - ADDED ENTRY ELEMENTS (KOHA)
Koha item type Books
Holdings
Withdrawn status Lost status Source of classification or shelving scheme Damaged status Not for loan Permanent Location Current Location Date acquired Accession Number Price effective from Koha item type
    Library of Congress Classification     NILE UNIVERSITY OF NIGERIA - MAIN LIBRARY NILE UNIVERSITY OF NIGERIA - MAIN LIBRARY 04/23/2025 0190998 04/23/2025 Books